[Event "TUR Cup"]
[Site "Denizli"]
[Date "2023.07.20"]
[Round "7"]
[White "Gunal, Yusuf Kursat"]
[Black "Asilkefeli, Hasan"]
[Result "1-0"]
[WhiteElo "1742"]
[BlackElo "1598"]
[PlyCount "51"]
[EventDate "2023.07.16"]
[EventType "team-tourn"]
[EventRounds "9"]
[EventCountry "TUR"]
[SourceTitle "CBM 215 Extra"]
[Source "ChessBase"]
[SourceDate "2023.09.30"]
[SourceVersion "1"]
[SourceVersionDate "2023.09.30"]
[SourceQuality "1"]

1. Nf3 d5 2. d4 Nf6 3. g3 c6 4. Bg2 Bf5 5. 0-0 e6 6. c4 Nbd7 7. Qb3 Qb6 8. Nc3 h6 9. Bf4 Be7 10. c5 Qxb3 11. axb3 g5 12. Bd2 Ne4 13. Nxe4 dxe4 14. Ne1 Bf6 15. Bc3 Ke7 16. Nc2 b6 17. b4 Bg6 18. Ra6 Rhc8 19. Rfa1 Rc7 20. cxb6 Rb7 21. bxa7 Nb6 22. Ne3 Kd7 23. f3 Nd5 24. Nc4 Nxb4 25. Nb6+ Ke8 26. Nxa8 1-0